Statistics for Countries That Have Beaten Croatia At FIFA World Cup

Click here to take the quiz!

General Stats

  • This quiz has been taken 38 times
  • The average score is 8 of 9

Answer Stats

YearScoresCountry% Correct
20220 - 3Argentina
100%
19980 - 1Argentina
100%
20021 - 2France
100%
20182 - 4France
100%
20060 - 1Brazil
94%
20141 - 3Brazil
94%
20020 - 1Mexico
75%
20141 - 3Mexico
75%
20020 - 1Ecuador
28%

Score Distribution

Percentile by Number Answered

Percent of People with Each Score

Your Score History

You have not taken this quiz